April 2011: Crusis 2, GDC game trailers, sort films, linux d (Record no. 139682)

000 -LEADER
fixed length control field 00293nmm a2200097Ia 4500
008 - FIXED-LENGTH DATA ELEMENTS--GENERAL INFORMATION
fixed length control field 220120s9999||||xx |||||||||||||||||und||
020 ## - INTERNATIONAL STANDARD BOOK NUMBER
International Standard Book Number 81-7808-235-7
100 ## - MAIN ENTRY--PERSONAL NAME
Personal name Digit
245 #0 - TITLE STATEMENT
Title April 2011: Crusis 2, GDC game trailers, sort films, linux d
260 ## - PUBLICATION, DISTRIBUTION, ETC.
Place of publication, distribution, etc. Nine dot nine interactive ltd.
Name of publisher, distributor, etc. Delhi
Holdings
Withdrawn status Lost status Damaged status Not for loan Home library Current library Date acquired Barcode Date last seen Price effective from Koha item type
        Central Library Central Library 01/20/2022 CD1233 01/20/2022 01/20/2022 Compact Disc

Powered by Koha